Aplikační předpoklady systémových přístupů v mikrostrukturních změnách tržního prostředí

Niektoré názory a skúsenosti autorov z aplikácií modelových systémov na úrovni podnikateľskej mikrosféry. Základné systémovo metodické východiská prístupu. Súčasné aplikačné predpoklady systémových prístupov v modelovej tvorbe.

Na minha lista:
Detalhes bibliográficos
Autor principal: Mokrišová, Jaroslava
Outros Autores: Švasta, Juraj
Formato: Capítulo de Livro
Idioma:tcheco
Assuntos:
Tags: Adicionar Tag
Sem tags, seja o primeiro a adicionar uma tag!

MARC

LEADER 00000naa a2200000 4500
001 r027149
005 20230927115501.6
041 0 |a cze 
044 |a CZ 
245 1 0 |a Aplikační předpoklady systémových přístupů v mikrostrukturních změnách tržního prostředí  |c J. Mokrišová, Juraj Švasta 
520 |a Niektoré názory a skúsenosti autorov z aplikácií modelových systémov na úrovni podnikateľskej mikrosféry. Základné systémovo metodické východiská prístupu. Súčasné aplikačné predpoklady systémových prístupov v modelovej tvorbe. 
610 2 0 |a systémy informačné interaktívne 
610 2 0 |a procesy rozhodovacie 
610 2 0 |a analýza systémová 
610 2 0 |a modely 
610 2 0 |a teória systémová 
100 1 |a Mokrišová, Jaroslava 
700 1 |a Švasta, Juraj